| 000 | 00352nam a2200133Ia 4500 | ||
|---|---|---|---|
| 005 | 20260328104332.0 | ||
| 008 | 260328s9999||||xx |||||||||||||| ||und|| | ||
| 100 | _aCigliano, Jan | ||
| 245 | 4 |
_aThe Women who Changed Architecture / _cJan Cigliano |
|
| 260 | _bPrinceton Architectural Press | ||
| 300 | _a336 p. | ||
| 650 | _aARQUITECTURA | ||
| 942 | _cBK | ||
| 999 |
_c11754 _d11754 |
||